Metáforas de la vida cotidiana / (Record no. 82977)

MARC details
000 -CABECERA
campo de control de longitud fija 00855nam a22003014a 4500
003 - IDENTIFICADOR DEL NÚMERO DE CONTROL
campo de control UPN
005 - FECHA Y HORA DE LA ÚLTIMA TRANSACCIÓN
campo de control 20240126063537.0
008 - ELEMENTOS DE LONGITUD FIJA--INFORMACIÓN GENERAL
campo de control de longitud fija 010702s1998 es r 000 0 spa d
020 ## - NÚMERO INTERNACIONAL NORMALIZADO PARA LIBROS
Número Internacional Estándar del Libro 8437606330
035 ## - NÚMERO DE CONTROL DEL SISTEMA
Número de control de sistema UPN01000109066
040 ## - FUENTE DE LA CATALOGACIÓN
Centro catalogador/agencia de origen UPN
Lengua de catalogación spa
Centro/agencia transcriptor UPN
049 ## - COLECCIÓN
Colección CG
050 #4 - SIGNATURA TOPOGRÁFICA DE LA BIBLIOTECA DEL CONGRESO
Número de clasificación P106
Número de documento/Ítem L2.58 1998
100 1# - ASIENTO PRINCIPAL--NOMBRE PERSONAL
Nombre de persona Lakoff, George
245 10 - MENCIÓN DE TÍTULO
Título Metáforas de la vida cotidiana /
Mención de responsabilidad, etc. George Lakoff y Mark Johnson ; tr. de Carmen González Marin.
250 ## - MENCIÓN DE EDICIÓN
Mención de edición 4a ed.
260 ## - PUBLICACIÓN, DISTRIBUCIÓN, ETC.
Lugar de publicación, distribución, etc. Madrid :
Nombre del editor, distribuidor, etc. Cátedra,
Fecha de publicación, distribución, etc. c1998.
300 ## - DESCRIPCIÓN FÍSICA
Extensión 286 p.
490 ## - MENCIÓN DE SERIE
Mención de serie Colección teorema
534 ## - NOTA SOBRE LA VERSIÓN ORIGINAL
Frase introductoria Traducción de :
Mención de título del original Metaphors we live by
650 #4 - ASIENTO SECUNDARIO DE MATERIA - TERMINO TEMATICO
Término de materia o nombre geográfico como elemento de entrada LENGUAJE Y LENGUAS -
Subdivisión general FILOSOFIA
9 (RLIN) 19149
650 #2 - ASIENTO SECUNDARIO DE MATERIA - TERMINO TEMATICO
Término de materia o nombre geográfico como elemento de entrada Metáfora
9 (RLIN) 9689
650 #2 - ASIENTO SECUNDARIO DE MATERIA - TERMINO TEMATICO
Término de materia o nombre geográfico como elemento de entrada Verdad
9 (RLIN) 14398
700 1# - ASIENTO SECUNDARIO--NOMBRE DE PERSONAL
Nombre de persona Johnson, Mark,
Fechas asociadas al nombre 1949- ,
Término indicativo de función/relación coaut.
902 ## - ELEMENTOS DE DATOS B LOCAL, LDB (RLIN)
Creó BDV/npd
905 ## - TIPO DE MATERIAL
Tipo de material Libro
942 ## - ELEMENTOS DE PUNTO DE ACCESO ADICIONAL (KOHA)
Fuente del sistema de clasificación o colocación Library of Congress Classification
Tipo de ítem Koha Libro
Holdings
Estado de retiro Estado de pérdida Fuente del sistema de clasificación o colocación Estado dañado No para préstamo Código de colección Localización permanente Ubicación/localización actual Ubicación en estantería Fecha de adquisición Total de préstamos Clasificación Código de barras Fecha visto por última vez Fecha del último préstamo Tipo de ítem Koha
    Library of Congress Classification     Colección General Bib. Gregorio Torres Quintero Bib. Gregorio Torres Quintero Planta baja 18/08/2022 49 P106 L2.58 1998 181823 22/11/2022 17/11/2022 Libro